İstinaf Mahkemeleri (Record no. 3437)
[ view plain ]
| 000 -BAŞLIK | |
|---|---|
| Sabit Uzunlukta Kontrol Alanı | 00898na a2200265 4500 |
| 001 - KONTROL NUMARASI | |
| Denetim Alanı | 16871 |
| 003 - KONTROL NUMARASI IDENTIFIER | |
| Denetim Alanı | MIRAKIL |
| 005 - SON İŞLEM TARİHİ VE ZAMANI | |
| Denetim Alanı | 20181213154931.0 |
| 008 - SABİT-BOY VERİ ELEMANLARI - GENEL BİLGİLER | |
| Sabit Uzunlukta Kontrol Alanı | 161016b tu 000 0 |
| 020 ## - ULUSLARARASI STANDART KİTAP NUMARASI | |
| Uluslararası Standart Kitap Numarası | 9756689293 |
| 035 ## - SİSTEM KONTROL NUMARASI | |
| Sistem Kontrol Numarası | 16871 |
| 040 ## - KATALOGLAMA KAYNAK | |
| Orijinal Kataloglama Ajansı | Milas |
| Kataloglama Dili | tur |
| Metne Dönüştürmek Ajansı | TR-AnCHP |
| 041 ## - DİL KODU | |
| Metin / Ses Parça Veya Ayrı Başlığın Dil Kodu | tur |
| 082 ## - DEWEY ONLU SINIFLANDIRMA NUMARASI | |
| Sınıflandırma Numarası | 347.033 |
| Ürün Numarası | İ77i 2003 |
| 090 ## - SINIFLAMA NUMARASI | |
| Sınıflama Numarası | 347.033 İ77i 2003 |
| 111 ## - ANA GİRİŞ - TOPLANTI ADI | |
| Giriş Elemanı Olarak Toplantı Adı Veya Yargı Alanı Adı | İstinaf Mahkemeleri |
| Toplantı Veya Antlaşma İmzalandığı Tarihi | 2003 |
| 245 ## - BAŞLIK TABLOSU | |
| Başlık | İstinaf Mahkemeleri |
| Başlığın Kalan | Uluslararası toplantı 7-8 mart 2003 |
| Sorumluluk Tablosu, Vb | Türkiye Barolar Birliği |
| 260 ## - YAYIN, DAĞITIM, VB | |
| Yayın, Dağıtım, Vb Yeri | Ankara |
| Yayıncı, Dağıtıcı, Vs Adı | Türkiye Barolar Birliği |
| Yayın, Dağıtım, Vb Tarihi | 2003 |
| 300 ## - FİZİKSEL TANIM | |
| Kapsam | 404 s. |
| Boyutlar | 24 sm. |
| 490 ## - SERİSİ TABLOSU | |
| Seri Beyanı | Türkiye Barolar Birliği yayınları |
| Hacim / Ardışık Tanımı | 52 |
| 500 ## - GENEL NOT | |
| Genel Not | TBMM Genel Kurulu'nda yürütme ve yürürlük maddeleri dışında kabul edilmiş yasa tasarıları |
| 650 ## - KONU KATMA GİRİŞ - TOPİKAL DÖNEM | |
| Topikal Süreli Veya Coğrafi Ad Giriş Elemanı | Mahkemeler |
| Genel Alt Bölümü | İstinaf Mahkemeleri |
| Kronolojik Alt Bölümü | Toplantılar |
| Coğrafi Alt Bölümü | Türkiye |
| 710 ## - KATMA GİRİŞ - KURUMSAL ADI | |
| Giriş Elemanı Olarak Kurumsal Ad Veya Yargı Alanı Adı | Türkiye Barolar Birliği |
| 942 ## - EKLENDİ GİRİŞ ELEMANLARI (KOHA) | |
| Sınıflandırma Veya Raf Düzeni Kaynak | |
| Koha Öğesi Türü | Books |
| 999 ## - SİSTEM KONTROL NUMARALARI (KOHA) | |
| Koha Biblionumber | 3437 |
| Koha Biblioitemnumber | 3437 |
| Kalıcı Konum | Mevcut Konum | Edinme Tarihi | Edinim Kaynak | Toplam Check-Out'Lar | Tam Çağrı Numarası | Barkod | Tarih Son Görülme | İtibaren Geçerli Fiyatlar | Koha Öğesi Türü | Kopya Sayısı |
|---|---|---|---|---|---|---|---|---|---|---|
| CHP Kütüphanesi | CHP Kütüphanesi | 10/16/2016 | Bağış | 347.033 İ77i 2003 | 005367 | 10/16/2016 | 10/16/2016 | Books | ||
| CHP Kütüphanesi | CHP Kütüphanesi | 10/16/2016 | Bağış | 347.033 İ77i 2003 | 005382 | 10/16/2016 | 10/16/2016 | Books | k.2 |
